| 000 | 00408nam a22001337a 4500 | ||
|---|---|---|---|
| 999 |
_c130158 _d130158 |
||
| 008 | 200121b ||||| |||| 00| 0 eng d | ||
| 050 | _aDC212.R5 | ||
| 100 |
_aRichardson, Frank _948980 |
||
| 245 |
_aNapoleopn's death _ban inquest _cFrank Richardson |
||
| 260 |
_aLondon _bWilliam Kimber _c1974 |
||
| 300 |
_a260p. ; _c24cm. |
||
| 600 |
_aNapoleon 1, Emperor _cDeath and burial _948981 |
||
| 942 |
_2lcc _cMONOGRAPH |
||